Movies Quiz

Random Movies or Card Games Quiz

Mystery Themed Movies Quiz Stats

 Plays Quiz Updated Nov 3, 2014

Support Sporcle.
Go Orange.
Score 0/13 Timer 03:00
0 Plays Today
Question Movie % Correct
What movie series starring Jim Carrey had a sequel subtitled 'When Nature Calls'?Ace Ventura: Pet Detective
96.2%
What is the second movie in the Lord of the Rings trilogy?The Two Towers
85.3%
What 1956 Cecil B. DeMille Biblical epic starred Charlton Heston?The Ten Commandments
59.4%
What movie has been made three major times, in 2005, 1976 and 1933 with Naomi Watts, Jessica Lange, and Fay Wray as the female lead?King Kong
52.5%
What 1937 film is the first full-length animated film made by Disney?Snow White and the Seven Dwarfs
49.5%
What 2000 crime comedy stars Bruce Willis and Matthew Perry?The Whole Nine Yards
46.9%
What movie starring Tom Cruise from 2012 brings a Lee Child character to life from his thriller novels?Jack Reacher
38.3%
What 1988 John Cusack film explores the Black Sox scandal?Eight Men Out
37.4%
What movie has Dusty Bottoms, Ned Nederlander and Lucky Day as its title characters?¡Three Amigos!
37.3%
What 1994 Aussie film won a Best Costume Oscar for dressing Hugo Weaving, Guy Pearce and Terence Stamp in drag?The Adventures of Priscilla, Queen of the Desert
25.9%
What 1993 movie stars Will Smith as the con artist in the movie version of a John Guare play?Six Degrees of Separation
24.6%
What 1995 anthology comedy film has sections directed by Robert Rodriguez, Alexandre Rockwell, Allison Anders and Quentin Tarantino?Four Rooms
22.6%
What 1970 movie features Oscar-nominated Jack Nicholson as an oil rig worker?Five Easy Pieces
22.1%

You're not logged in!

Compare scores with friends on all Sporcle quizzes.
OR
Log In

From the Vault

Sporclin' Through the 2010s IV

by kfastic

Does 2020 so far have you really longing for the 2010s to come back?
Remove Ads.
Support Sporcle.
Get the best of Sporcle when you Go Orange. This ad-free experience offers more features, more stats, and more fun while also helping to support Sporcle. Thank you for becoming a member.

Show Comments

Extras

Top Quizzes Today


Score Distribution

Your Account Isn't Verified!

In order to create a playlist on Sporcle, you need to verify the email address you used during registration. Go to your Sporcle Settings to finish the process.

Report this User

Report this user for behavior that violates our Community Guidelines.

Details: